Dictionary of linguistics terms (Record no. 614721)

000 -LEADER
fixed length control field 00268nam a22001097a 4500
100 ## - MAIN ENTRY--PERSONAL NAME
Personal name Prof. Amir Ali Khan
245 ## - TITLE STATEMENT
Title Dictionary of linguistics terms
260 ## - PUBLICATION, DISTRIBUTION, ETC.
Place of publication, distribution, etc. Islamabad:
Name of publisher, distributor, etc. Muqtadra qaumi zuban
Date of publication, distribution, etc. 2010
300 ## - PHYSICAL DESCRIPTION
Extent 257p
563 ## - BINDING INFORMATION
Binding note HB
942 ## - ADDED ENTRY ELEMENTS (KOHA)
Source of classification or shelving scheme
Koha item type Book
Holdings
Withdrawn status Lost status Source of classification or shelving scheme Damaged status Not for loan Permanent Location Current Location Date acquired Total Checkouts Barcode Date last seen Price effective from Koha item type
          Central Library (CL) Central Library (CL) 09/20/2025   CL-D-2866 09/20/2025 09/20/2025 Book
© 2023 Central Library, National University of Sciences and Technology. All Rights Reserved.